Wege der Germanistik in Transkultureller Perspektive : Akten des XIV. Kongresses der Internationalen Vereinigung Fuer Germanistik (IVG) (Bd. 1) - Jahrbuch Fuer Internationale Germanistik - Beihefte.

Bibliographic Details
Main Author: Auteri, Laura.
Other Authors: Barrale, Natascia., Di Bella, Arianna., Hoffmann, Sabine.
Format: eBook
Language:German
Published: Bern : Peter Lang AG International Academic Publishers, 2022.
Edition:1st ed.
Subjects:
Online Access:Click to View
LEADER 03537nam a22003973i 4500
001 EBC30686101
003 MiAaPQ
005 20231204023231.0
006 m o d |
007 cr cnu||||||||
008 231204s2022 xx o ||||0 ger d
020 |a 9783034345934  |q (electronic bk.) 
020 |z 9783034336550 
035 |a (MiAaPQ)EBC30686101 
035 |a (Au-PeEL)EBL30686101 
035 |a (OCoLC)1380476123 
040 |a MiAaPQ  |b eng  |e rda  |e pn  |c MiAaPQ  |d MiAaPQ 
100 1 |a Auteri, Laura. 
245 1 0 |a Wege der Germanistik in Transkultureller Perspektive :  |b Akten des XIV. Kongresses der Internationalen Vereinigung Fuer Germanistik (IVG) (Bd. 1) - Jahrbuch Fuer Internationale Germanistik - Beihefte. 
250 |a 1st ed. 
264 1 |a Bern :  |b Peter Lang AG International Academic Publishers,  |c 2022. 
264 4 |c ©2022. 
300 |a 1 online resource (126 pages) 
336 |a text  |b txt  |2 rdacontent 
337 |a computer  |b c  |2 rdamedia 
338 |a online resource  |b cr  |2 rdacarrier 
505 0 |a Cover -- Series Information -- Copyright Information -- Inhaltsverzeichnis -- Teil A -- I. Eröffnung des XIV. IVG- Kongresses Prof. Dr. Laura Auteri -- 1. Begrüßungsworte und Eröffnungsrede der Präsidentin der IVG -- 2. Ehrengäste -- II. Protokoll der Palermitanischen Vollversammlung der IVG- Mitglieder -- III. Berichte -- 1. Bericht über die Aktivitäten der IVG- Organe während des Zeitraums vom 01.09.2015 bis 01.08.2021 -- 1.1. Die italienische Präsidentschaft -- 1.2. Zu den Anfangsaufgaben und ihrer Bewältigung -- 1.3. Die Sitzungen des Präsidiums und des Internationalen Ausschusses und ihre wichtigsten Beschlüsse -- 1.4. Zum Kongressthema und dem Kongressprogramm -- 1.5. Zur Konstituierung der Sektionen und Panels -- 1.6. Praktische Durchführung des Kongresses und der Vollversammlung und Wahlversammlung der IVG -- 2. Vorläufiger Bericht über die Finanzen der IVG für denZeitraum 2015- 2021 -- 3. Endgültiger Bericht über die Finanzen der IVG für den Zeitraum 2010-2015 -- 4. Bericht über die Eröffnung und den Verlauf des Palermitanischen IVG- Kongresses sowie sein Begleitprogramm -- 4.1. Die Sektionen -- 4.2. Die Panels -- 4.3. Das Begleitprogramm -- 5. Zur Veröffentlichung der Akten und letzte Danksagung -- IV. Anschriften der Mitglieder des Präsidiums und des Internationalen Ausschusses der IVG 2015- 2021 -- V. Satzung der IVG -- VI. Verzeichnis der Palermitanischen Kongressakten -- Teil B -- I. Über Wissenschaftsfreiheit Peter Strohschneider (München) -- II. Interkulturalität gestalten. Perspektiven internationaler Forschung -- III. Goethes Dichtung als transkulturelles Zukunftsprojekt -- IV. Zwischen „Third mission" und „Citizen science". Germanistik(en) in gesellschaftlichen und öffentlichen Kontexten. 
588 |a Description based on publisher supplied metadata and other sources. 
590 |a Electronic reproduction. Ann Arbor, Michigan : ProQuest Ebook Central, 2023. Available via World Wide Web. Access may be limited to ProQuest Ebook Central affiliated libraries.  
655 4 |a Electronic books. 
700 1 |a Barrale, Natascia. 
700 1 |a Di Bella, Arianna. 
700 1 |a Hoffmann, Sabine. 
776 0 8 |i Print version:  |a Auteri, Laura  |t Wege der Germanistik in Transkultureller Perspektive  |d Bern : Peter Lang AG International Academic Publishers,c2022  |z 9783034336550 
797 2 |a ProQuest (Firm) 
856 4 0 |u https://ebookcentral.proquest.com/lib/matrademy/detail.action?docID=30686101  |z Click to View